|
|
|
|
| LEADER |
00743cam a2200205 7i4500 |
| 001 |
0000026748 |
| 005 |
20140709090000.0 |
| 020 |
# |
0 |
|a 0735202974
|
| 090 |
0 |
0 |
|a HD 57.7
|b A9
|
| 100 |
1 |
# |
|a Axelrod, Alan,
|c 1952-
|
| 245 |
1 |
0 |
|a Patton on leadership :
|b strategic lessons for corporate warfare
|c Alan Axelrod.
|
| 260 |
# |
# |
|a Paramus, NJ:
|b Prentice Hall,
|c 1999.
|
| 300 |
# |
# |
|a xxiv, 279 p.:
|b ill.;
|c 22 cm..
|
| 504 |
0 |
0 |
|a Includes bibliographical references (p. 269-270) and index.
|
| 590 |
# |
# |
|a Pusat Pengajian Pembangunan Sosial dan Ekonomi
|
| 600 |
0 |
0 |
|a Patton, George S.,
|c 1885-1945..
|q George Smith
|
| 650 |
0 |
0 |
|a Strategic planning
|
| 650 |
0 |
0 |
|a Industrial management
|
| 650 |
0 |
0 |
|a Leadership
|
| 999 |
|
|
|a 1100012356
|b Book
|c Open Shelf
|e KOLEKSI TERBUKA
|